| 000 | 00681nam a2200205 i 4500 | ||
|---|---|---|---|
| 001 | 171552 | ||
| 003 | ES-MaACL | ||
| 005 | 20230906214648.0 | ||
| 007 | t| | ||
| 008 | 090520s1960 sp ||||1| spa d | ||
| 080 | _a66(460) | ||
| 245 | 0 | 0 |
_aCatálogo de industrias químicas y afines / _cdirector técnico, Antonio Solans Vallverdú ; director comercial, Manuel Monge Muley. |
| 250 | _a1ª ed. | ||
| 260 |
_aBarcelona : _b[s.n.], _c1960 ( _fImp. Simpar) |
||
| 300 |
_a680 p. ; _c27 cm. |
||
| 650 | 4 |
_aIndustria química- _zEspaña. _9140241 |
|
| 700 | 1 |
_aSolans Vallverdú, Antonio. _9107092 |
|
| 700 | 1 |
_aMonge Muley, Manuel. _982193 |
|
| 852 |
_aES-MaACL _jC-18914 _9R.46252 |
||
| 999 |
_c171552 _d171552 |
||